000 00336nam a2200133 a 4500
005 20140414131847.0
008 100712s19uu xx 00 eng d
050 _aM 323
_bH86 2001
100 _aHudson, Wade
245 _aFive bold freedom fighters.
260 _aNew York :
_bScholastic,
_c2001.
650 _aHeroes
999 _c109962
_d109962